| 000 | 01521 a2200181 4500 | ||
|---|---|---|---|
| 003 | Nust | ||
| 005 | 20230726124554.0 | ||
| 040 | _cNust | ||
| 082 | _a621.3825,COC | ||
| 100 |
_aCocking, W. T. _941663 |
||
| 245 |
_aWireless Servicing Manual / _cCocking, W. T. |
||
| 250 | _a8th ed | ||
| 260 |
_aLondon _bWireless World _c1953 |
||
| 300 | _a293 p. | ||
| 505 | _aTesting Equipment (Page-1), Current and Voltage Testing (Page-9), The Interpretation of Meter Readings (Page-16), Valves (Page-25), Tracing Mains Hum (Page-29), Motor-Boating (Page-47), Instability in R.F and I.F Stages (Page-55), Frequency and Amplitude Distortion (Page-65), Background Noise and Local Interference (Page-81), The Adjustment of Ganging –Straight Sets (Page-91), The Adjustment of Ganging -Superheterodyne I.F. Amplifiers (Page-104), The Adjustment of Ganging –Superheterodyne Signal-Frequency Circuits (Page-115), Tracing The Cause of Whistles (Page-129), Superheterodyne Whistles (Page-136), Frequency-Changers (Page-148), Automatic Volume Control Systems (Page-169), Short-Wave Receivers (Page-180), Short-Wave Converters (Page-193), The Loud Speaker (Page-199), Extension Loud Speaker (Page-205), The Arial-Earth System (Page-209), Automatic Frequency Control (Page-217), Push-Pull Amplifiers (Page-228), Miscellaneous Defects and Adjustments (Page-244), Negative Feed-Back (Page-250), Television Receivers (Page-257), The use of Cathode-ray Test Gear (Page-270). | ||
| 650 | _aTelecommunication engineering | ||
| 942 |
_2ddc _cBKB |
||
| 999 |
_c182941 _d182941 |
||